| 000 | 00910nam a2200241 i 4500 | ||
|---|---|---|---|
| 001 | 114943 | ||
| 003 | ES-MaACL | ||
| 005 | 20230906190305.0 | ||
| 007 | t| | ||
| 008 | 070213s1932 sp ||||1| spa d | ||
| 100 | 1 |
_aCapella, Jacinto. _934818 |
|
| 245 | 1 | 0 |
_aA divorciarse tocan! _b: juguete cómico en tres actos. Original / _cJacinto Capella y José de Lucio ; dibujos de Antonio Merlo. |
| 260 |
_aMadrid : _bRivadeneyra, _c1932. |
||
| 300 |
_a63 p. : _bil. ; _c17 cm. |
||
| 490 | 1 |
_aLa Farsa ; _v234 |
|
| 500 | _aEstrenado en el Teatro Cómico, de Madrid, el día 10 de Diciembre de 1931. | ||
| 500 | _aCubierta de este número: Loreto Prado, Enrique Chicote y Francisco Melgares en una escena de A divorciarse tocan! | ||
| 700 | 1 |
_aLucio, José de. _974592 |
|
| 700 | 1 |
_aMerlo, Antonio. _980579 |
|
| 830 | 0 |
_aLa Farsa ; _v234 _9185863 |
|
| 852 |
_aES-MaACL _jC-13214 |
||
| 999 |
_c114943 _d114943 |
||